000 00726nam a22002177a 4500
999 _c13999
_d13999
003 AR-CdUCM
008 190417b ||||| |||| 00| 0 spa d
040 _aMUNICIPALIDAD PROVINCIAL DEL CUSCO
_cBIBLIOTECA MUNICIPAL DEL CUSCO
082 _aC / 985.61 /
_bV14 / 1934
100 _aValcárcel , Luis Eduardo
_9980
245 _aCuzco :
_bCapital arqueológica de Sud América, 1534-1934 /
260 _aLima :
_bBanco Italiano,
_c1934
300 _bIlustraciones,mapas,plano,
_c24 cm.
505 _aContenido :Cuzco /
650 _aCusco
_9772
650 _aDescripciones y viajes
_9497
650 _aMonumentos históricos
_96891
710 _aBanco Italiano
_932652
942 _2ddc
_cFOLLETOS
945 _arjall
_d2019-04-17